000 00354nam a2200145Ia 4500
005 20251222152005.0
008 251222s9999||||xx |||||||||||||| ||spa||
020 _a9972939030
082 _a382.414.1/O41
100 _aOlaya Morales, MarĂ­a Beatriz
245 0 _aAgroexportando valores
250 _a1ra.ed
264 _bPrinted in Peru
942 _cLIB
999 _c24689
_d24689